000 00427nam a2200181Ia 4500
001 13403
005 20260306164758.0
008 260306t2005||||xx |||||||||||||| ||spa||
041 _aESP
082 _a004
_bB35 2005
100 _aBeekman, George
_eAUT
245 0 _aIntroducción a la informática
260 _c2005
300 _a000 páginas :
_c00 cm.
650 _aGEN
654 _aCCC
942 _cLIB
_dJUS
_fJUS
_2ddc
_n
999 _c13403
_d13403